ბათუმის შოთა რუსთაველის სახელმწიფო უნივერსიტეტის ბიბლიოთეკა

თეორიული მექანიკის კურს ნაწ.lll: დინამიკა. სახელმძღვანელო (ბიბ.ჩანაწერი № 38400)

000 -LEADER
fixed length control field 00836nam a2200241Ia 4500
001 - CONTROL NUMBER
control field 4410
003 - CONTROL NUMBER IDENTIFIER
control field GE_BSU
008 - FIXED-LENGTH DATA ELEMENTS--GENERAL INFORMATION
fixed length control field 181216s||||||||xx |||||||||||||| ||und||
040 ## - CATALOGING SOURCE
Transcribing agency GE_BSU
080 ## - UNIVERSAL DECIMAL CLASSIFICATION NUMBER
Universal Decimal Classification number 531(075.8)+531.01
100 ## - MAIN ENTRY--PERSONAL NAME
Personal name გორგიძე, ა..
245 ## - TITLE STATEMENT
Title თეორიული მექანიკის კურს ნაწ.lll: დინამიკა. სახელმძღვანელო
245 ## - TITLE STATEMENT
Statement of responsibility, etc. რედ ა. ბესელია
250 ## - EDITION STATEMENT
Edition statement ll.შევს გამოც
260 ## - PUBLICATION, DISTRIBUTION, ETC.
Place of publication, distribution, etc. თბილისი
260 ## - PUBLICATION, DISTRIBUTION, ETC.
Name of publisher, distributor, etc. განათლება,
260 ## - PUBLICATION, DISTRIBUTION, ETC.
Date of publication, distribution, etc. 1972
300 ## - PHYSICAL DESCRIPTION
Extent 342ვ. 21 სმ.
300 ## - PHYSICAL DESCRIPTION
Accompanying material ბიბლიოგრ:გვ.342
653 ## - INDEX TERM--UNCONTROLLED
Uncontrolled term დინქამიკა
653 ## - INDEX TERM--UNCONTROLLED
Uncontrolled term თეორიული მექანიკა
942 ## - ADDED ENTRY ELEMENTS (KOHA)
Koha item type წიგნი

არაა ხელმისაწვდომი ეგზემპლარები.